| 000 | 01800cam a22004334a 4500 | ||
|---|---|---|---|
| 999 |
_c528239 _d528239 |
||
| 001 | 13144196 | ||
| 003 | NUST | ||
| 005 | 20190904095512.0 | ||
| 008 | 030401s2003 dcua b i000 0 eng | ||
| 010 | _a 2003050076 | ||
| 020 | _a0821350714 | ||
| 038 | _aM.Sohail | ||
| 040 |
_aDLC _cDLC _dDLC |
||
| 042 | _apcc | ||
| 043 | _ad------ | ||
| 050 | 0 | 0 |
_aHD1131 _b.D45 2003 |
| 082 | 0 | 0 |
_a333.0091724 _221 _bDEI |
| 100 | 1 |
_aDeininger, Klaus W., _d1962- _919887 |
|
| 245 | 1 | 0 |
_aLand policies for growth and poverty reduction / _cKlaus Deininger. |
| 260 |
_aWashington, DC : _bWorld Bank ; _aOxford ; _aNew York : _bOxford University Press, _cc2003. |
||
| 300 |
_axlvi, 239 p. : _bcol. ill. ; _c24 cm. |
||
| 440 | 2 |
_aA World Bank policy research report _919862 |
|
| 504 | _aIncludes bibliographical references (p. 207-239). | ||
| 650 | 0 |
_aLand tenure _zDeveloping countries. _919888 |
|
| 650 | 0 |
_aLand use _xGovernment policy _zDeveloping countries. _919889 |
|
| 650 | 0 |
_aLand reform _zDeveloping countries. _919890 |
|
| 650 | 0 |
_aFarm ownership _zDeveloping countries. _919891 |
|
| 650 | 0 |
_aRight of property _zDeveloping countries. _919892 |
|
| 650 | 0 |
_aRural poor _zDeveloping countries. _919893 |
|
| 650 | 0 |
_aPoverty _zDeveloping countries. _97336 |
|
| 651 | 0 |
_aDeveloping countries _xEconomic conditions. _96809 |
|
| 710 | 2 |
_aWorld Bank. _94999 |
|
| 856 | 4 | 1 |
_3Table of contents only _uhttp://www.loc.gov/catdir/toc/fy041/2003050076.html |
| 856 | 4 | 2 |
_3Publisher description _uhttp://www.loc.gov/catdir/enhancements/fy0614/2003050076-d.html |
| 906 |
_a7 _bcbc _corignew _d1 _eocip _f20 _gy-gencatlg |
||
| 942 |
_2ddc _cBK |
||